000 01060naa a22002777a 4500
001 BR9403267
003 BR-BrBNA
005 20240918181145.0
007 ta
008 230509b bl.||||| |||| 00| 0 por d
040 _aBR-BrBNA
_bpor
_cBiblioteca Nacional de Agricultura
041 _a(Pt)
072 _aH60
_b3930
090 _aH60 BR9403267
100 1 _aYorinori, J.T.
111 1 _a2. Reuniao Anual sobre Controle Biologico de Doencas de Plantas
_cCampinas, SP (Brazil)
_d14-16 Oct 1987
245 1 _aControle biologico de ervas daninhas com microrganismos
260 3 _aCampinas, SP (Brasil):
_c1987.
500 _aAnais da 2. Reuniao Anual sobre Controle Biologico de Doencas de Plantas Campinas, SP (Brasil): 1987. p. 20-30 (BR9403267-AM)H60
650 _aErva Daninha
650 _aMicrorganismo
650 _aControle Biologico
773 0 _tAnais da 2. Reuniao Anual sobre Controle Biologico de Doencas de Plantas
_wH60 BR9403267
_gCampinas, SP (Brasil), 1987. p. 20-30
909 _a202404
_bLucia
_c55
_dLucia Elande
942 _cAM
_2AGRIS
999 _c323869
_d323869